| 000 | 00612 a2200157 4500 | ||
|---|---|---|---|
| 003 | Nust | ||
| 005 | 20170207154215.0 | ||
| 040 | _cNust | ||
| 082 | _a378.4 | ||
| 245 |
_aUniversity of Abertay Dundee-prospectus entry 1999 _cUniversity of Abertay Dundee |
||
| 260 |
_aDundee _bUniversity of Abertay Dundee _c1999 |
||
| 300 | _a125 p. | ||
| 505 | _aGeneral Information (Page-6 to 30) The Campuses (Page-34) The Courses (page-40) Arts (Page-40) Carlisle (Page-68) Engineering (page-76) Health (page-128) Business (Page-146) Social Sciences (Page-166) | ||
| 538 | _aAlmirah No. 117 shelf No. 1 | ||
| 650 | _aProspectus | ||
| 942 |
_2ddc _cBK |
||
| 999 |
_c195087 _d195087 |
||